000 00367nam a2200133Ia 4500
999 _c12586
_d12586
082 _aTM.0343
100 _aMahajan, Malati
245 0 _aDevelopment of material culture in India from about the 6th cent. B.C. to 320 A.D
260 _c1971
_bNagpur University
300 _a487p. + C D - 40
650 _aMATERIAL CULTURE
710 _aDeo, S.B.
942 _cTH
_2ddc